000 00363nam a2200133 4500
005 20260530115300.0
100 1 _aB. Arvatov
_931056
245 1 0 _aArte y Producción / El Programa del Productivismo
264 1 _bCOMUNICACION serie B
_c1978
300 _a122 páginas
336 _atexto
_2rdacontent
337 _asin medio
_2rdamedia
338 _avolumen
_2rdacarrier
999 _c12785
_d12785